Movie-made America (Record no. 78657)

MARC details
000 -LEADER
fixed length control field 00684nam a2200157 a 4500
008 - FIXED-LENGTH DATA ELEMENTS--GENERAL INFORMATION
fixed length control field 120416s1975 ||||||||||||||||| || u
050 ## - LIBRARY OF CONGRESS CALL NUMBER
Classification number PN 1993.V6 Skl
100 ## - MAIN ENTRY--PERSONAL NAME
Personal name Sklar, Robert
245 10 - TITLE STATEMENT
Title Movie-made America
246 ## -
-- a social history of American movies
260 ## - PUBLICATION, DISTRIBUTION, ETC.
Place of publication, distribution, etc. New York
Name of publisher, distributor, etc. Random House
Date of publication, distribution, etc. 1975
300 ## - PHYSICAL DESCRIPTION
Extent x, 340p. : ill.
350 ## -
-- 0.00
995 ## -
-- ANNEX COLLECTION (Main Library)
-- 0.00
-- 719436
-- CBU-MAIN LIBRARY (Kitwe)
-- 1
-- 13.95
-- PN 1993.V6 Skl
-- 1
-- AVAILABLE
-- 010815
-- Annex Low-Usage Collection
995 ## -
-- ANNEX COLLECTION (Main Library)
-- 0.00
-- 719435
-- CBU-MAIN LIBRARY (Kitwe)
-- 2
-- 13.95
-- PN 1993.V6 Skl
-- 2
-- AVAILABLE
-- 010816
-- Annex Low-Usage Collection
999 ## -
-- 78657
-- 78657
Holdings
Withdrawn status Lost status Source of classification or shelving scheme Damaged status Not for loan Permanent Location Current Location Shelving location Date acquired Total Checkouts Full call number Barcode Date last seen Copy number Price effective from Koha item type
          CBU-MAIN LIBRARY, KITWE. CBU-MAIN LIBRARY, KITWE.   06/06/2023   PN 1993.V6 Skl 010815 06/06/2023 1 06/06/2023 MONOGRAPH
          CBU-MAIN LIBRARY, KITWE. CBU-MAIN LIBRARY, KITWE.   06/06/2023   PN 1993.V6 Skl 010816 06/06/2023 2 06/06/2023 MONOGRAPH